书目信息 |
| 题名: |
《了凡四训》与共产党人的信仰自觉
|
|
| 作者: | 吴文新 , 朱康有 著 | |
| 分册: | ||
| 出版信息: | 广州 广东人民出版社 2016 |
|
| 页数: | 213页 | |
| 开本: | 24cm | |
| 丛书名: | 心学与共产党人修养丛书 | |
| 单 册: | ||
| 中图分类: | B823.1 , D263.3 | |
| 科图分类: | ||
| 主题词: | 家庭道德--jia ting dao de--中国--明代 | |
| 电子资源: | ||
| ISBN: | 978-7-218-10945-9 | |
| 000 | 01234nam0 22003011 450 | |
| 001 | 1760825414 | |
| 005 | 20170619171914.0 | |
| 010 | @a978-7-218-10945-9@dCNY36.00 | |
| 100 | @a20161212d2016 em y0chiy50 ea | |
| 101 | 0 | @achi |
| 102 | @aCN@b440000 | |
| 105 | @ay z 000yy | |
| 106 | @ar | |
| 200 | 1 | @a《了凡四训》与共产党人的信仰自觉@9le fan si xun yu gong chan dang ren de xin yang zi jue@f吴文新,朱康有著 |
| 210 | @a广州@c广东人民出版社@d2016 | |
| 215 | @a213页@d24cm | |
| 225 | 2 | @a心学与共产党人修养丛书@9xin xue yu gong chan dang ren xiu yang cong shu |
| 300 | @a马克思主义理论研究和建设工程 国家社会科学基金重大项目“国家文化软实力建设研究” “马克思主义与中国传统文化关系”专题阶段性成果 | |
| 330 | @a本书从分析《了凡四训》的道德修养入手,结合新时期共产党人的党性修养,论述了我们共产党人的信仰自觉这样一个重大课题。 | |
| 461 | 0 | @12001 @a心学与共产党人修养丛书 |
| 601 | 02 | @a中国共产党@Azhong guo gong chan dang@x党员@x党性@x修养@x研究 |
| 606 | 0 | @a家庭道德@9jia ting dao de@y中国@z明代 |
| 690 | @aB823.1@v5 | |
| 690 | @aD263.3@v5 | |
| 701 | 0 | @a吴文新@9wu wen xin@f(1966~)@4著 |
| 701 | 0 | @a朱康有@9zhu kang you@f(1967~)@4著 |
| 801 | 0 | @aCN@b百万庄@c20170617 |
| 905 | @b1013439-41@dB823.1@e772@f3 | |
| 《了凡四训》与共产党人的信仰自觉/吴文新,朱康有著 .-广州:广东人民出版社,2016 |
| 213页;24cm.-(心学与共产党人修养丛书) |
| 马克思主义理论研究和建设工程 国家社会科学基金重大项目“国家文化软实力建设研究” “马克思主义与中国传统文化关系”专题阶段性成果 |
| ISBN 978-7-218-10945-9:CNY36.00 |
| 本书从分析《了凡四训》的道德修养入手,结合新时期共产党人的党性修养,论述了我们共产党人的信仰自觉这样一个重大课题。 |
| ● |
| 相关链接 |
|
|
|
|
正题名:《了凡四训》与共产党人的信仰自觉
索取号:B823.1/772
 
预约/预借
| 序号 | 登录号 | 条形码 | 馆藏地/架位号 | 状态 | 备注 |
| 1 | 1013439 | 210134399 | 第一样本阅览室/ [索取号:B823.1/772] | 在馆 | |
| 2 | 1013440 | 210134406 | 教育系资料室/ [索取号:B823.1/772] | 在馆 | |
| 3 | 1013441 | 210134415 | 第一借阅区/ [索取号:B823.1/772] | 在馆 |